000 00739nam a2200193Ia 4500
003 LDD
008 190117s9999 xx 000 0 und d
020 _a9788173158124
_c₹300
040 _cLDD
041 _ahi
082 _a320.454 व6316सु
100 _aवर्गीज़, बी.जी.
245 0 _aसुरक्षा और सामाजिक आक्रोश
_cबी.जी. वर्गीज़
260 _aनई दिल्ली
_b्रभात प्रकाशन 2
_c2010
300 _a207पृ.
901 _aTB 00
904 _aReqst by : G. Pradhan
942 _2ddc
_cH
999 _c169269
_d169269